000 01048nam a22002177a 4500
001 3617
003 FISKH
005 20240328105213.0
008 240328b cb ||||| |||| 00| 0 fre d
020 _a9782070124749
040 _aFISKH
_beng
_cFISKH
_dFISKH
050 _aHC53.P6
082 _a330.9
100 _aPolanyi, Karl
245 _aLa grande transformation /
_baux origines politiques et économiques de notre temps
_cKarl Polanyi
250 _a2009
260 _aParis :
_bGallimard,
_cc1944
300 _a467 pages :
_c20 cm.
520 _aIn this classic work of economic history and social theory, Karl Polanyi analyzes the economic and social changes brought about by the "great transformation" of the Industrial Revolution. His analysis explains not only the deficiencies of the self-regulating market, but the potentially dire social consequences of untempered market capitalism. New introductory material reveals the renewed importance of Polanyi's seminal analysis in an era of globalization and free trade.
942 _2ddc
_cBK
_n0
999 _c3617
_d3617